00706 2200205 4500001002100000005001500021035002000036007000300056008003900059082001700098084002300115100001500138245020700153260003400360300004100394650001100435650003000446600001100476022001300487INLIS00000000000129920250425090213 a0010-0425000031ta250425 | | |  a571.9-634.77 a571.9-634.77 MEL p0 aMelya Shar1 aPotential of Phylloplane Fungi from Mangrove Plant ( Rhizophora apiculata Blume) as Biological Control Agents against Fusarium oxysporum f. sp. cubense in Banana Plant ( Musa acuminata L.) /cMelya Shar aSwitzerland :bMDPI AG,c2023 a1-17 hlm, :bIlus ;c21 cm x 29,7 cm 4aJurnal 4aPenyakit Disebabkan Jamur 4aPisang a19994907